| 000 | 00580nam a2200193Ia 4500 | ||
|---|---|---|---|
| 003 | GCL | ||
| 008 | 140319s9999 xx 000 0 ara d | ||
| 040 |
_aGCL / _cGCL |
||
| 082 | 0 | 4 |
_aق _b960.064 _bم ع |
| 100 | 1 | _aمحمد فايق | |
| 245 | 1 | 0 |
_aعبدالناصر والثورة الافريقية / _cمحمد فايق |
| 260 |
_aبيروت : _bدار الوحدة للطباعة والنشر ، _c1984 |
||
| 300 |
_a265 ص ؛ _c20سم |
||
| 490 | _a | ||
| 650 | 0 | 4 | _aمصر |
| 650 | 0 | 4 | _aتاريخ حديث |
| 650 | 0 | 4 | _aجمال عبدالناصر |
| 942 |
_2ddc _cBK |
||
| 999 |
_c52794 _d52794 |
||